Sales and distribution management: (Record no. 137604)

MARC details
000 -LEADER
fixed length control field 00634nam a22001937a 4500
005 - DATE AND TIME OF LATEST TRANSACTION
control field 20170215113528.0
010 ## - LCCN (DPL NO)
LC control number ENG-117255
020 ## - INTERNATIONAL STANDARD BOOK NUMBER
International Standard Book Number 988178298481
Terms of availability 675.00
035 ## - SYSTEM CONTROL NUMBER
System control number EN-100787
037 ## - SOURCE OF ACQUISITION
Source of stock number/acquisition DBAD/PUB
082 00 - DEWEY DECIMAL CLASSIFICATION NUMBER
Classification number 658.81
100 ## - MAIN ENTRY--PERSONAL NAME
Personal name Pingali Venugopal
245 10 - TITLE STATEMENT
Title Sales and distribution management:
Statement of responsibility, etc by Pingali Venugopal
Remainder of title an Indian perspective /
260 ## - PUBLICATION, DISTRIBUTION, ETC. (IMPRINT)
Place of publication, distribution, etc New Delhi
Name of publisher, distributor, etc SAGE Publications
Date of publication, distribution, etc 2015
270 ## - ADDRESS
Address B1/I-1 Mohan Cooperative Industrial Area, Mathura Road
City New Delhi
Postal code 110044
300 ## - PHYSICAL DESCRIPTION
Extent 330p.
Dimensions 24cm(pbk)
500 ## - GENERAL NOTE
General note Includes references and index
942 ## - ADDED ENTRY ELEMENTS (KOHA)
Source of classification or shelving scheme Dewey Decimal Classification
Item type English Books
Classification part 658.81
Call number suffix PIN
Holdings
Withdrawn status Lost status Not for loan Collection code Home library Current library Date acquired Source of acquisition Cost, normal purchase price Full call number Barcode Copy number Cost, replacement price Koha item type
      Non-fiction Patel Nagar Patel Nagar 15/02/2017 DBAD/PUB 675.00 658.81 PIN EN-100787 1 675.00 English Books

© Delhi Public Library
Hit Counter
free hit counter